header

Paid to party (Record no. 133376)

MARC details
000 -LEADER
fixed length control field 01968nam a2200409 a 4500
082 04 - DEWEY DECIMAL CLASSIFICATION NUMBER
Classification number 381/.14
100 1# - MAIN ENTRY--AUTHOR NAME
Personal name Mullaney, Jamie L.
245 10 - TITLE STATEMENT
Title Paid to party
260 ## - PUBLICATION, DISTRIBUTION, ETC. (IMPRINT)
Place of publication New Brunswick, N.J. :
Name of publisher Rutgers University Press,
Year of publication c2011.
300 ## - PHYSICAL DESCRIPTION
Number of Pages x, 193 p.
490 1# - SERIES STATEMENT
Series statement Families in focus
505 0# - FORMATTED CONTENTS NOTE
Formatted contents note Creating a feel-good business: negotiating the work-family pieces -- From temporal acrobats to architects: flexibility gets a much needed makeover -- Out with the old, in with the new: changing how women feel about work -- The girls' night out: social time and obligation -- Let the games begin: the importance of playing along -- Just not buying it: fielding resistance to DHS.
650 #0 - SUBJECT ADDED ENTRY--TOPICAL TERM
Topical Term Home parties (Marketing)
Topical Term Direct selling
Topical Term Women sales personnel.
Topical Term Women
Topical Term Flexible work arrangements.
Topical Term Work and family.
700 1# - ADDED ENTRY--PERSONAL NAME
Personal name Shope, Janet Hinson,
856 40 - ELECTRONIC LOCATION AND ACCESS
Uniform Resource Identifier http://site.ebrary.com/lib/rucke/Doc?id=10535574

No items available.

© 2026 Rongo University
Contact us: librarian | system librarian | Rongo university